Réthy Endréné Motiváció, tanulás, tanítás. Miért tanulunk jól, vagy rosszul? : Nemzeti Tankönyvkiadó, Budapest, 2004. 299 o. : [könyvismertetés] /

Elmentve itt :
Bibliográfiai részletek
Szerző: Barkó Endre
További közreműködők: Réthy Endréné
Dokumentumtípus: Cikk
Megjelent: 2004
Sorozat:Magyar pedagógia : a Magyar Tudományos Akadémia Pedagógiai Bizottságának folyóirata 104 No. 2
Kulcsszavak:Motiváció pszichológiai, Tanítás módszer, Könyvismertetés
Online Access:http://misc.bibl.u-szeged.hu/14052
LEADER 00861nab a2200193 i 4500
001 misc14052
005 20191106140738.0
008 170607s2004 hu o 0|| hun d
022 |a 0025-0260 
040 |a SZTE Miscellanea Repozitórium  |b hun 
041 |a hun 
100 1 |a Barkó Endre 
245 1 0 |a Réthy Endréné  |h [elektronikus dokumentum] :  |b Motiváció, tanulás, tanítás. Miért tanulunk jól, vagy rosszul? : Nemzeti Tankönyvkiadó, Budapest, 2004. 299 o. : [könyvismertetés] /  |c  Barkó Endre 
260 |c 2004 
300 |a 243-248 
490 0 |a Magyar pedagógia : a Magyar Tudományos Akadémia Pedagógiai Bizottságának folyóirata  |v 104 No. 2 
695 |a Motiváció pszichológiai, Tanítás módszer, Könyvismertetés 
700 0 1 |a Réthy Endréné 
856 4 0 |u http://misc.bibl.u-szeged.hu/14052/1/mp_2004_002_6380_243-248.pdf  |z Dokumentum-elérés